Nursing theories : (Record no. 18471)
[ view plain ]
| 000 -LEADER | |
|---|---|
| fixed length control field | 00995nam a22002777a 4500 |
| 005 - DATE AND TIME OF LATEST TRANSACTION | |
| control field | 20141020101921.0 |
| 008 - FIXED-LENGTH DATA ELEMENTS--GENERAL INFORMATION | |
| fixed length control field | 141019t2014 xxkak frb 001 0 eng d |
| 020 ## - INTERNATIONAL STANDARD BOOK NUMBER | |
| International Standard Book Number | 9781292027852 |
| 040 ## - CATALOGING SOURCE | |
| Original cataloging agency | EG-ScBUE |
| 082 00 - DEWEY DECIMAL CLASSIFICATION NUMBER | |
| Edition number | 22 |
| Classification number | 610.7301 |
| Item number | GEO |
| 100 1# - MAIN ENTRY--PERSONAL NAME | |
| Personal name | George, Julia B. |
| 9 (RLIN) | 36266 |
| 245 10 - TITLE STATEMENT | |
| Title | Nursing theories : |
| Remainder of title | the base for professional nursing practice / |
| Statement of responsibility, etc | Julia B. George. |
| 250 ## - EDITION STATEMENT | |
| Edition statement | 6th ed., |
| Remainder of edition statement | Pearson new international ed. |
| 260 ## - PUBLICATION, DISTRIBUTION, ETC. (IMPRINT) | |
| Place of publication, distribution, etc | Harlow, United Kingdom : |
| Name of publisher, distributor, etc | Pearson, |
| Date of publication, distribution, etc | c.2014. |
| 300 ## - PHYSICAL DESCRIPTION | |
| Extent | ll, 695 p. : |
| Other physical details | forms, tables ; |
| Dimensions | 28 cm. |
| 500 ## - GENERAL NOTE | |
| General note | Index : p. 691-695. |
| 500 ## - GENERAL NOTE | |
| General note | Includes student access code : my labs ; ISBN 9781292051536. |
| 504 ## - BIBLIOGRAPHY, ETC. NOTE | |
| Bibliography, etc | Includes bibliographical reference. |
| 504 ## - BIBLIOGRAPHY, ETC. NOTE | |
| Bibliography, etc | Bibliography : p. 684-690. |
| 650 #0 - SUBJECT ADDED ENTRY--TOPICAL TERM | |
| Topical term or geographic name as entry element | Nursing |
| General subdivision | Philosophy |
| -- | Congresses |
| 9 (RLIN) | 36267 |
| 650 #0 - SUBJECT ADDED ENTRY--TOPICAL TERM | |
| Topical term or geographic name as entry element | Philosophy, Nursing |
| 9 (RLIN) | 36268 |
| 653 ## - INDEX TERM--UNCONTROLLED | |
| Resource For college | Nursing |
| Arrived date list | October2014 |
| 655 ## - INDEX TERM--GENRE/FORM | |
| Form subdivision | |
| -- | 34232 |
| 710 2# - ADDED ENTRY--CORPORATE NAME | |
| Corporate name or jurisdiction name as entry element | Nursing Theories Conference Group |
| 942 ## - ADDED ENTRY ELEMENTS (KOHA) | |
| Source of classification or shelving scheme | Dewey Decimal Classification |
| Call number prefix | 610.7301 GEO |
| Withdrawn status | Item status | Source of classification or shelving scheme | Damaged status | Not for loan | Vendor | Home library | Current library | Shelving location | Date acquired | Source of acquisition | Cost, normal purchase price | Serial Enumeration / chronology | Total Checkouts | Total Renewals | Full call number | Barcode | Date last seen | Date last borrowed | Cost, replacement price | Koha item type | Checked out |
|---|---|---|---|---|---|---|---|---|---|---|---|---|---|---|---|---|---|---|---|---|---|
| Dewey Decimal Classification | Baccah | Central Library | Central Library | First floor | 20/10/2014 | 264.00 | 20526 | 4 | 20 | 610.7301 GEO | 000036728 | 15/07/2025 | 10/01/2016 | 330.00 | Book - Borrowing | ||||||
| Dewey Decimal Classification | Baccah | Central Library | Central Library | First floor | 20/10/2014 | 264.00 | 20526 | 6 | 4 | 610.7301 GEO | 000036729 | 16/02/2025 | 16/02/2025 | 330.00 | Book - Borrowing | 18/03/2025 |